| 000 | 00000nas 2200000za 4500 |
| 001 | 9.837806 |
| 003 | CaOODSP |
| 005 | 20221107151228 |
| 007 | cr ||||||||||| |
| 008 | 170606d20162016oncuu p oss f0 a0eng|d |
| 040 | |aCaOODSP|beng |
| 043 | |an-cn--- |
| 086 | 1 |aNH2-49/1E-PDF |
| 245 | 00|aMortgage consumer survey [infographic] |h[electronic resource]. |
| 260 | |a[Ottawa] : |bCMHC |
| 362 | 0 |a2016. |
| 500 | |aIssued also in French under title: Enquête auprès des emprunteurs hypothécaires. |
| 500 | |aCaption title. |
| 500 | |aFor the full report, please see NH2-49E-PDF. |
| 692 | 07|2gccst|aHousing |
| 692 | 07|2gccst|aMortgage loans |
| 710 | 2 |aCanada Mortgage and Housing Corporation. |
| 775 | 08|tEnquête auprès des emprunteurs hypothécaires [infographie] |w(CaOODSP)9.837808 |